Manual de nutrición deportiva (Registro nro. 34854)

Detalles MARC
000 -CABECERA
Longitud fija campo de control 00517nam a22001937a 4500
003 - IDENTIFICADOR DELl NÚMERO DE CONTROL
Identificador del número de control OSt
005 - FECHA Y HORA DE LA ÚLTIMA TRANSACCIÓN
Fecha y hora de la última transacción 20240511140454.0
008 - CÓDIGOS DE INFORMACIÓN DE LONGITUD FIJA
Códigos de información de longitud fija 240412b ||||| |||| 00| 0 eng d
020 ## - NÚMERO INTERNACIONAL NORMALIZADO PARA LIBROS
Número Internacional Normalizado para Libros (ISBN) 978-84-8019-859-2
040 ## - FUENTE DE LA CATALOGACIÓN
Centro catalogador de origen BMC
Centro transcriptor BMC
082 ## - NÚMERO DE LA CLASIFICACIÓN DECIMAL DEWEY
Númeroo de clasificación 613.2
100 1# - PUNTO DE ACCESO PRINCIPAL-NOMBRE DE PERSONA
9 (RLIN) 48344
Nombre de persona Arasa Gil, Manuel‏
245 10 - MENCIÓN DE TÍTULO
Título Manual de nutrición deportiva
Mención de responsabilidad, etc. Manuel Arasa Gil
250 ## - MENCIÓN DE EDICIÓN
Mención de edición 1° ed. 10° reimp.
260 ## - PUBLICACIÓN, DISTRIBUCIÓN, ETC. (PIE DE IMPRENTA)
Lugar de publicación, distribución, etc. Barcelona
Nombre del editor, distribuidor, etc. Paidotribo
Fecha de publicación, distribución, etc. cop. 2021
300 ## - DESCRIPCIÓN FÍSICA
Extensión 160 p.
Dimensiones 28 cm
650 24 - PUNTO DE ACCESO ADICIONAL DE MATERIA - TÉRMINO DE MATERIA
9 (RLIN) 2745
Término de materia o nombre geográfico como elemento inicial Nutrición
942 ## - ENTRADA DE ELEMENTOS AGREGADOS (KOHA)
Fuente de clasificaión o esquema Dewey Decimal Classification
Koha [por defecto] tipo de item 1- Monografias
Existencias
Suprimido Perdido Fuente de clasificación o esquema Estropeado Restricciones de uso No para préstamo Código de colección Localización permanente Localización actual Localización en estanter&íacute;as Fecha adquisición Fuente de adquisición Número de inventario Préstamos totales Signatura completa Código de barras Fecha última consulta Coste, precio reemplazado Fecha del precio de reemplazo Tipo de item de Koha
NULL NULL Dewey Decimal Classification NULL Prestable NULL NULL Biblioteca Miguel de Cervantes - UNICAES Biblioteca Miguel de Cervantes - UNICAES Sala Principal 07/03/2024 Compra-Facultad de Ciencias de la Salud 035754   613.2 ARA man 1051642 15/04/2024 55.00 15/04/2024 1- Monografias
NULL NULL Dewey Decimal Classification NULL Prestable NULL NULL Biblioteca Miguel de Cervantes - UNICAES Biblioteca Miguel de Cervantes - UNICAES Sala Principal 07/03/2024 Compra-Facultad de Ciencias de la Salud 035755   613.2 ARA man 1051643 15/04/2024 55.00 15/04/2024 1- Monografias
NULL NULL Dewey Decimal Classification NULL Prestable NULL NULL Biblioteca Miguel de Cervantes - UNICAES Biblioteca Miguel de Cervantes - UNICAES Sala Principal 07/03/2024 Compra-Facultad de Ciencias de la Salud 035756   613.2 ARA man 1051644 15/04/2024 55.00 15/04/2024 1- Monografias